Star Wars Quotes - Sudden Death - Statistics

General Stats
  • This quiz has been taken 1,037 times
    954 since last reset
  • The average score is 12 of 20
Answers on the Grid
Answers color-coded by a green-red scale on the quiz's grid according to % correct below.
All those moments will be lost in time, like tears in the rain.
And I thought they smelled bad… on the outside!
And now, young Skywalker… you will die.
But I was going into Tosche Station to pick up some power converters!!!
But with the blast shield down I can’t even see. How am I supposed to fight?
Do or do not. There is no try.
Fear is the mind-killer. Fear is the little-death that brings total obliteration.
Good… bad… I’m the guy with the gun.
Help me, Obi-Wan Kenobi. You’re my only hope.
I am altering the deal. Pray I don’t alter it any further.
I find your lack of faith disturbing.
I live below ground, with my wifeoid, and 6000 little Griglings.
I used to bullseye womp rats in my T-16 back home…
Impressive. Most impressive.
It’s a trap!
It’s the ship that made the Kessel Run in less than 12 parsecs.
I’ve got a bad feeling about this.
I’ve lost the beeps, I’ve lost the sweeps, and I’ve lost the creeps.
Laugh it up, Fuzzball!
Live long and prosper.
Many Bothans died to bring us this information.
Number 5 is alive!
Open the pod bay doors, Hal.
Rogue One is hit! I’m goin’ in. Sorry, Jake.
That’s no moon. That’s a space station.
These aren’t the droids you’re looking for.
Uh, we had a slight weapons malfunction, but uh... everything's perfectly all right now. We're fine. We're all fine here now, thank you. How are you?
When I left you, I was but the learner. Now I am the master.
When someone asks if you’re a god, you say, “yes!”
You are free to use any methods necessary, but I want them alive. No disintegrations.
 
Answer Stats
Answer % Correct
Do or do not. There is no try.
86%
And now, young Skywalker… you will die.
85%
Help me, Obi-Wan Kenobi. You’re my only hope.
81%
It’s a trap!
78%
I find your lack of faith disturbing.
70%
I’ve got a bad feeling about this.
69%
It’s the ship that made the Kessel Run in less than 12 parsecs.
66%
But I was going into Tosche Station to pick up some power converters!!!
63%
But with the blast shield down I can’t even see. How am I supposed to fight?
62%
And I thought they smelled bad… on the outside!
61%
I am altering the deal. Pray I don’t alter it any further.
57%
Laugh it up, Fuzzball!
56%
I used to bullseye womp rats in my T-16 back home…
55%
That’s no moon. That’s a space station.
55%
Impressive. Most impressive.
54%
These aren’t the droids you’re looking for.
52%
Many Bothans died to bring us this information.
47%
When I left you, I was but the learner. Now I am the master.
46%
Uh, we had a slight weapons malfunction, but uh... everything's perfectly all right now. We're fine. We're all fine here now, thank you. How are you?
40%
You are free to use any methods necessary, but I want them alive. No disintegrations.
35%
No matching quizzes found
Score Distribution
Percent of People with Each Score
Percentile by Number Answered
Your Score History
You have not taken this quiz since the last reset